|
|
|
|
| LEADER |
00000nam a2200000 a 4500 |
| 001 |
vtls010567585 |
| 003 |
SK-MaSNL |
| 005 |
20260425235854.0 |
| 008 |
240314s2013 xo ob g bn 001 0aslo |
| 015 |
|
|
|a SNBA2014/01
|
| 020 |
|
|
|a 9788055508665
|q (viaz.)
|
| 035 |
|
|
|a urn:nbn:sk:snk-am00a1gl
|
| 035 |
|
|
|a urn:nbn:sk:snk-am3hd4t
|
| 035 |
|
|
|a 8B36ACA5-DC66-4024-BB3F-F0F53EF6D673
|
| 040 |
|
|
|a SNK
|b slo
|c SNK
|e AACR2
|
| 041 |
0 |
|
|a slo
|b ger
|b ita
|b slo
|
| 043 |
|
|
|a e-xo---
|
| 044 |
|
|
|a xo
|c SK
|
| 072 |
|
7 |
|a 271/279
|x Kresťanské cirkvi, sekty, denominácie
|2 konspekt
|
| 072 |
|
7 |
|a 929
|x Biografie
|2 konspekt
|
| 080 |
|
|
|a (437.6)
|2 2001
|
| 080 |
|
|
|a (092)
|2 2001
|
| 080 |
|
|
|a 272-528.8
|2 2001
|
| 080 |
|
|
|a 27-726.2
|2 2001
|
| 080 |
|
|
|a 27-72-77
|2 2001
|
| 100 |
1 |
|
|a Hirka, Ján,
|d 1923-2014
|4 aut
|9 13836
|
| 245 |
1 |
0 |
|a Pod ochranou Márie
|b pastier v službe cirkvi
|c Ján Hirka
|
| 250 |
|
|
|a 1. vyd.
|
| 260 |
|
|
|a Prešov
|b Prešovská univerzita, Gréckokatolícka teologická fakulta
|c 2013
|
| 300 |
|
|
|a 567 s.
|b fotogr., mp.
|c 25 cm
|
| 504 |
|
|
|a Bibliogr.: s. 544-565 ; bibliogr. odkazy ; pozn. ; reg. ; zoz. skrat. a zn.
|
| 546 |
|
|
|a Res. nem., slov., tal.
|
| 600 |
1 |
7 |
|a Hirka, Ján,
|d 1923-2014
|2 SNKMA
|9 13836
|
| 610 |
2 |
7 |
|a Gréckokatolícka cirkev
|2 SNKKA
|9 32576
|
| 650 |
0 |
7 |
|a gréckokatolícke cirkvi
|2 SNKPH
|9 75809
|
| 650 |
0 |
7 |
|a Greek Catholic churches
|2 SNKPHeng
|9 329713
|
| 650 |
0 |
7 |
|a Bishops
|2 SNKPHeng
|9 287787
|
| 650 |
0 |
7 |
|a biskupi
|2 SNKPH
|9 1760
|
| 650 |
0 |
7 |
|a Church organization and structure
|2 SNKPHeng
|9 268000
|
| 650 |
0 |
7 |
|a organizácia a štruktúra cirkvi
|2 SNKPH
|9 85696
|
| 651 |
|
7 |
|a Slovensko
|2 SNKPH
|9 14231
|
| 651 |
|
7 |
|a Slovakia
|2 SNKPHeng
|9 92630
|
| 655 |
|
7 |
|a autobiografie
|2 SNKPH
|9 70280
|
| 655 |
|
7 |
|a Autobiography
|2 SNKPHeng
|9 283613
|
| 919 |
|
|
|a 978-80-555-0866-5
|
| 958 |
|
|
|a NB
|
| 958 |
|
|
|a NT
|
| 958 |
|
|
|a BX
|
| 999 |
|
|
|c 840285
|d 842215
|
| 952 |
|
|
|a SNK
|b SNK
|y PREZ
|7 0
|p 17A1101901
|o snkSC 157558
|i snk2014/370
|8 0
|0 0
|1 0
|4 0
|d 2014-01-08
|f 1
|l 0
|r 2025-08-19 00:00:00
|w 2026-02-24
|
| 952 |
|
|
|a SNK
|b SNK
|y VYP
|7 0
|p 17A1101900
|o snkSC 157558 D1
|i snk2014/371
|8 0
|0 0
|1 0
|4 0
|d 2014-01-08
|l 0
|r 2026-02-24 04:08:35
|w 2026-02-24
|